|
|
|
|
| LEADER |
00000nkm a2200000 a 4500 |
| 001 |
vtls010861525 |
| 003 |
SK-MaSNL |
| 005 |
20260512122108.0 |
| 007 |
kp bo |
| 008 |
231214n xo g 00 kuslo |
| 015 |
|
|
|a SNBG
|
| 035 |
|
|
|a FB31C9B1-AF62-4798-8C50-11185A987510
|
| 035 |
|
|
|a urn:nbn:sk:snk-kmxzv2
|
| 035 |
|
|
|a urn:nbn:sk:snk-km007c4r
|
| 040 |
|
|
|a SNK
|b slo
|c SNK
|e AACR2
|
| 041 |
0 |
|
|a slo
|
| 043 |
|
|
|a e-xo---
|
| 044 |
|
|
|a xo
|c SK
|
| 080 |
|
|
|a 908(437.6)
|2 2001
|
| 080 |
|
|
|a (084.121)
|2 2001
|
| 080 |
|
|
|a (234.372.4)
|2 2008
|
| 080 |
|
|
|a 725.8
|2 2001
|
| 245 |
0 |
0 |
|a Vysoké Tatry - Tatranská Lesná 900 m n m.
|h grafika
|b ROH - Zdravá generácia : zotavovňa "Jánošík"
|
| 260 |
|
|
|a [Bratislava]
|b Tatran
|c [s.a.]
|
| 300 |
|
|
|a 1 pohľadnica
|b čiernobiela
|c 10x15 cm
|
| 650 |
0 |
7 |
|a rekreačné zariadenia
|2 SNKPH
|9 3012
|
| 651 |
|
7 |
|a Vysoké Tatry (Poľsko a Slovensko : pohorie)
|2 SNKPHgeo
|9 67729
|
| 651 |
|
7 |
|a Tatranská Lesná (Vysoké Tatry, Slovensko)
|2 SNKPH
|9 160913
|
| 655 |
|
7 |
|a miestne pohľadnice
|2 SNKPH
|9 70510
|
| 852 |
|
|
|a Slovenská národná knižnica
|
| 958 |
|
|
|a GC
|
| 958 |
|
|
|a GBN
|
| 958 |
|
|
|a OND
|
| 999 |
|
|
|c 584580
|d 586510
|
| 952 |
|
|
|a SNK
|b SNK
|y PREZ
|7 0
|p 17A1164080
|o snkSP 4218
|0 0
|1 0
|4 0
|d 2015-08-18
|f 1
|l 0
|r 2026-02-23 15:04:26
|w 2026-02-23
|